LIBRARY & INFORMATION CENTRE, KCAET, TAVANUR

ONLINE PUBLIC ACCESS CATALOGUE (OPAC)

Geochemistry of natural waters / (Record no. 9611)

MARC details
000 -LEADER
fixed length control field 00478cam a2200181ua 4500
020 ## - INTERNATIONAL STANDARD BOOK NUMBER
ISBN 0-13-351403-X
041 ## - LANGUAGE CODE
Language code of text/sound track or separate title eng
082 ## - DEWEY DECIMAL CLASSIFICATION NUMBER
Classification number 551.9
Item number DRE/GE
100 ## - MAIN ENTRY--AUTHOR NAME
Personal name Derver, James I .
245 ## - TITLE STATEMENT
Title Geochemistry of natural waters /
250 ## - EDITION STATEMENT
Edition statement 1 /
260 ## - PUBLICATION, DISTRIBUTION, ETC. (IMPRINT)
Place of publication New Delhi :
Name of publisher Prentice Hall of India Pvt Ltd. ,
Year of publication 1982.
300 ## - PHYSICAL DESCRIPTION
Number of Pages 388 ; .
942 ## - ADDED ENTRY ELEMENTS (KOHA)
Koha item type Books
Holdings
Withdrawn status Lost status Damaged status Home library Current library Date acquired Full call number Accession Number Koha item type
      KAUAET KAUAET 07/04/2012 551.9 DER/GE 18068 Books
free website counter